| 000 | 00626nam a22001817a 4500 | ||
|---|---|---|---|
| 005 | 20251108171729.0 | ||
| 008 | 250721s1978 xx 000 0 ara d | ||
| 082 | 1 | 4 | _aم/612.1103/عبد |
| 100 | 1 | _aبن عبد الله، عبد العزيز | |
| 245 | 1 | 0 |
_aمعجم المعاني (1) : _bالمعجم الدم : عربي - فرنسي - إنجليزي / |
| 264 | 1 |
_aبيروت : _bدار الكتاب اللبناني، _c1978. |
|
| 300 | _a239ص | ||
| 490 | 0 | _aسلسلة اللغة العربية و التكنولوجيا | |
| 650 | 1 | 7 | _aالدم |
| 650 | 1 | 7 | _aالمعاجم |
| 942 |
_2ddc _cREF |
||
| 999 |
_c61038 _d61038 |
||